000 01143nam a2200265 a 4500
001 BRL_1272
005 20190320211124.0
008 121213s1981----sp-abeo###---#000-0#spa-#
020 _a8427967470 (Obra completa)
041 _aspa
044 _asp
050 4 _aGN307
_b.H66 1981
245 1 0 _aEl hombre en el mundo
_b500 pueblos, cómo son y dónde viven.
260 _aBarcelona, España
_bNoguer
_c1981
300 _av.
_bil. a color, mapas
_c29 cm.
500 _aTraducción de : Family of man
500 _av.3. Au1479, v.4. Au1483, v.8. Au1481, v.9. Au1482, v.10. Au1480
500 _aLa bibloteca cuenta solo con los volumnes 3,4,8,9 y 10
505 0 _aContenido: v.3. Canal, isleños del - Chinos. Las razas humanas. El hombre animal social. -- v.4. Chipayas - Ewes. El hombre animal social. -- v.8. Kaiadilt - Lovedu. El hombre y la ciudad. -- v.9. Lugbaras - Nahuas. El hombre y la ciudad. Arte y sociedad. -- v.10. Nambas - Pathanes. Arte y sociedad
650 1 4 _aEtnología
_vEnciclopedias
_926337
650 1 4 _aCiudades y pueblos
_922758
650 1 4 _aAntropología cultural
_926338
902 _aGRL
942 _2lcc
_cB
999 _c10084
_d10084